000 00293cam a2200121ua 4500
020 _a0-85223-232-2
082 _a028.71770
_bHED/PH
100 _aHedgecoe, John .
_91544
245 _aPhotographer`s Handbbook /
260 _aLondon :
_bEbury press ,
_c1985.
300 _a352 ; .
942 _cBK
999 _c9101
_d9101